Best American gay fiction 2 /

Bibliographic Details
Other Authors: Bouldrey, Brian, Cooper, Bernard, 1951-
Format: Book
Language:English
Published: Boston, MA : Little, Brown and Co., 1997.
Edition:1st. ed.
Subjects:

MARC

Tag First Indicator Second Indicator Subfields
LEADER 00000cam a22000005a 4500
001 in00001402282
005 20151020054125.0
008 971028s1997 mau 000 1 eng d
020 |a 0316102989  |c $29.95 
020 |a 0316102997 (pbk.) 
035 |a (OCoLC)37853187 
035 |9 AHN0468AM 
040 |a MCP  |c MCP  |d VHB  |d TXA  |d UtOrBLW 
049 |a TXAM 
090 |a PS508.G39  |b B48 1997 
245 0 0 |a Best American gay fiction 2 /  |c edited by Brian Bouldrey. 
250 |a 1st. ed. 
264 1 |a Boston, MA :  |b Little, Brown and Co.,  |c 1997. 
300 |a 314 pages ;  |c 22 cm. 
336 |a text  |b txt  |2 rdacontent 
337 |a unmediated  |b n  |2 rdamedia 
338 |a volume  |b nc  |2 rdacarrier 
500 |a Foreword by Bernard Cooper. 
650 0 |a Gay men  |z United States  |x Fiction. 
650 0 |a Gay men's writings, American. 
650 0 |a American fiction  |y 20th century. 
650 0 |a Short stories, American. 
700 1 |a Bouldrey, Brian. 
700 1 |a Cooper, Bernard,  |d 1951- 
948 |a c:BLW 
999 |a MARS 
999 f f |s 4967cd53-5c3c-3216-8659-d4023ccc46f1  |i 2c3a91f3-13dd-3a94-b620-01338cc334b8  |t 0 
952 f f |p ric  |a Texas A&M University  |b Rellis Campus  |c Joint Library Facility  |d Remote Storage  |t 0  |e PS508.G39 B48 1997  |h Library of Congress classification  |i unmediated -- volume  |m A14822546142 
998 f f |a PS508.G39 B48 1997  |t 0  |l Remote Storage